TWITTER FOR DUMMIES (Record no. 15777)
[ view plain ]
| 000 -LEADER | |
|---|---|
| fixed length control field | 00277nam a2200121Ia 4500 |
| 008 - FIXED-LENGTH DATA ELEMENTS--GENERAL INFORMATION | |
| fixed length control field | 240624s9999 xx 000 0 und d |
| 041 ## - LANGUAGE CODE | |
| Language code of text/sound track or separate title | eng |
| 082 ## - DEWEY DECIMAL CLASSIFICATION NUMBER | |
| Classification number | 658.8 FIT |
| 100 ## - MAIN ENTRY--PERSONAL NAME | |
| Personal name | FITTON |
| 245 ## - TITLE STATEMENT | |
| Title | TWITTER FOR DUMMIES |
| 260 ## - PUBLICATION, DISTRIBUTION, ETC. | |
| Date of publication, distribution, etc. | 2009 |
| Place of publication, distribution, etc. | Hoboken |
| Name of publisher, distributor, etc. | For Dummies |
| 365 ## - TRADE PRICE | |
| Currency code | |
| Price amount | 27 |
| Withdrawn status | Lost status | Damaged status | Not for loan | Home library | Current library | Shelving location | Date acquired | Source of acquisition | Cost, normal purchase price | Total Checkouts | Full call number | Barcode | Date last seen | Copy number | Price effective from | Koha item type |
|---|---|---|---|---|---|---|---|---|---|---|---|---|---|---|---|---|
| IMTN | IMTN | Rack 32-A | 10/15/2010 | BWE | 21.95 | 658.8 FIT | 15777 | 06/24/2024 | 48.6 | 06/24/2024 | Books |